| 000 | 00352 a2200121 4500 | ||
|---|---|---|---|
| 001 | ART_39469 | ||
| 005 | 20260410161736.0 | ||
| 008 | 260409a | ||
| 245 | 1 | 0 | _aLo que vendrá en materia impositiva |
| 100 | 1 | _aLlanos, Eduardo | |
| 700 | 1 | _aAsiain, Jorge | |
| 773 | 0 |
_tEjecutivos de finanzas _g- Año 8, Nº 71 (nov. 1990) _wREV2863 |
|
| 999 |
_c18315 _d18315 |
||